000 00732nam a2200217 a 4500
005 20140412111224.0
008 001121s19uu xx 00 eng d
050 _aTR(GS 030
_bL41 1994
050 _aTR(GS 030
_bL41 1992
100 _aFelicia, Law
245 _aLearn about shapes /
_cFelicia Law; illustations by Steve Smallman, Shirley Tourret.
260 _aUK :
_bWorld Book, Inc.
300 _a1 v. (unp.) ; ill.
440 _aEarly World of Learning-Poldy
500 _aPoldy
520 _aPoldy and his friends have to solves a number of puzzles. Poldy achieves this by looking at the shapes of everyday objects.
650 _aShapes--Fiction
650 _aChildren stories
999 _c102005
_d102005